000 00510cam a22001457a 4500
008 180718b1977 xxu||||| |||| 00| 0 eng d
082 _aU61x54 G959s
100 _aGupta, L.N.
245 _aA study into the profitability of government companies with reference to selected running concerns
_cby L.N. Gupta
260 _aNew Delhi
_bOxford and IBH
_c1977
300 _a169p.
650 _aNational Coal Development Corporation Ltd.
650 _aHindustan Steel Ltd.
650 _aGovernment corporations - India
999 _c345275
_d345275